000 01116cam a2200265 i 4500
001 190586
003 ES-MaACL
005 20240123123157.0
008 220107s2009 sp a o001 0 spa
020 _a84-606-3740-9
080 _a7:069.538(460.33 M.)
110 2 _aMuseo de Bellas Artes de Murcia.
_9169137
245 1 3 _aEl Museo de Bellas Artes de Murcia :
_bla colección permanente /
_c[textos, Mª Ángeles Gutiérrez García ... et al. ; dirección y coordinación, Mª Ángeles Gutiérrez García, Mª Isabel Durante Asensio].
250 _a2ª ed.
260 _aMurcia :
_bDirección General de Bellas Artes y Bienes Culturales, Museo de Bellas Artes de Murcia,
_c2009.
300 _a448 p. :
_bil. col. ;
_c24 cm.
500 _aÍndice onomástico.
504 _aBibliografía: p. 427-433.
610 2 4 _aMuseo de Bellas Artes de Murcia.
_9169137
700 1 _aGutiérrez García, María Ángeles.
_9173997
700 1 _aDurante Asensio, Isabel.
_9173998
852 4 _aES-MaACL
_jA-14847
_9197764
_bR.152424
_cDEPO1
_dOlim: N-7847
_hDonacion: Editorial
942 _2udc
999 _c190586
_d190586